Pochodujte s námi 20 národních pochodových písní : pro dvojhlas /

Hlavní autor: Kulínský, Bohumil, 1910-1988
Jazyk: Čeština
Vydáno: Moravská Ostrava : Hrabůvští zpěváčci, 1945
Fyzický popis: [22 s.]
Hudebniny Hudebniny
Uloženo v:
LEADER 00836ncm a22002172a 4500
001 001134568
003 CZ BrMZK
005 20110110110119.0
007 qu
008 110110s1945 xr |||||||||||||||||cze d
040 |a BOA001  |b cze 
072 7 |a 784  |x Vokální hudba  |2 Konspekt  |9 9 
100 1 |a Kulínský, Bohumil,  |d 1910-1988  |7 jk01070816  |4 arr 
245 1 0 |a Pochodujte s námi  |h [hudebnina] :  |b 20 národních pochodových písní : pro dvojhlas /  |c upravil Bohumil Kulínský 
260 |a Moravská Ostrava :  |b Hrabůvští zpěváčci,  |c 1945 
300 |a [22 s.] 
910 |a BOA001  |b Mus2-0181.892 
990 |a MU 
991 |b 201101 
996 7 |b 2619349449  |c Mus2-0181.892  |l MZK  |r Sklad / do 1 hodiny  |n 0  |w 001163837  |u 000010  |a 1  |e BOA001  |j MZK50  |s A 
996 6 |b 2619349450  |c Mus2-0181.892  |l MZK  |r Sklad / do 1 hodiny  |n 0  |w 001163837  |u 000020  |a 1  |e BOA001  |j MZK50  |s P